| 000 | 00790nac a22002171u 4500 | ||
|---|---|---|---|
| 010 | _a 2004044284 | ||
| 020 | _a0321227352 | ||
| 020 | _a0321269764 | ||
| 082 | 0 | 0 |
_a004.67/8 _bK9689 |
| 090 |
_c175 _d175 |
||
| 100 | _aKurose, James F. | ||
| 245 | 1 | 0 |
_aComputer networking : _ba top-down approach featuring the Internet / _cJames F. Kurose, Keith W. Ross. |
| 250 | _a3rd ed. | ||
| 260 |
_aBoston : _bPearson/Addison Wesley, _cc2005. |
||
| 300 |
_axxiv, 821 p. : _bill. ; _c24 cm. |
||
| 650 | 0 | _aInternet. | |
| 650 | 0 | _aComputer networks. | |
| 700 | 1 |
_aRoss, Keith W., _d1956- |
|
| 942 |
_cBB _k004.678K9689 |
||
| 999 |
_c175 _d175 |
||